| 000 | 00910nam2a22002291 4500 | ||
|---|---|---|---|
| 001 | v19\rc\1228681 | ||
| 005 | 20250617225345.0 | ||
| 035 | _a(NLR Aleph) 004389563 | ||
| 090 |
_a3734377 _c3734377 |
||
| 100 | _a20060306g18801881|||y0rusy50 ca | ||
| 101 | 0 | _arus | |
| 102 | _aRU | ||
| 105 | _ay z ||||| | ||
| 200 | 0 | _a... на 1881 год | |
| 210 |
_d1881(обл. 1880) _aБ. м. |
||
| 215 | _a[61] с. | ||
| 461 | 0 |
_1001v19\rc\1228679 _12001#$aСмета приходов и расходов...$fО-во Либаво-Роменск. ж. д.$v... на 1881 год$90 _93734355 _aЛибаво-Роменская железная дорога _cМосква _d1880-1890 _fО-во Либаво-Роменск. ж. д. _tСмета приходов и расходов... _v... на 1881 год$90 |
|
| 801 | 0 |
_aRU _bNLR _gpsbo |
|
| 801 | 1 |
_aRU _bProSoft-M _2rusmarc |
|
| 852 |
_aNLR _j18.221.1.45 |
||
| 942 | _cBOOK | ||
| 980 | _aNB | ||